000 00477nam a2200193Ia 4500
003 OSt
005 20251016151734.0
008 250729s2003 xx 000 0 und d
020 _a978-8171417452
040 _cAL
041 _aeng
082 _a370.78 SOBC
100 _aN Sobhana
_9223014
245 _aCommunicative competence in english
260 _aNew Delhi
_bDiscovery Publishing House
_c2003
300 _a231p
650 _aEnglish
_9223015
942 _2ddc
_cBED
999 _c235708
_d235708